MARC

LEADER 00000nam0a2200000 4500
001 285907
005 20231101235836.0
035 |a (RuTPU)RU\TPU\book\310194 
090 |a 285907 
100 |a 20150302d1984 m y0rusy50 ca 
101 0 |a rus 
102 |a RU 
105 |a y z 001zy 
200 1 |a Современные демографические тенденции: развитые капиталистические и развивающиеся страны  |f О. Б. Осколкова  |g Академия наук СССР (АН СССР), Институт научной информации по общественным наукам (ИНИОН) ; под ред. Г. И. Литвиновой 
210 |a Москва  |c Наука  |d 1984 
215 |a 157 с. 
320 |a Библиогр. в тексте 
606 1 |a Народонаселение мира  |x Демография  |2 stltpush  |3 (RuTPU)RU\TPU\subj\37667  |9 58530 
610 1 |a население 
610 1 |a численность 
610 1 |a стабилизация 
610 1 |a старение 
610 1 |a семья 
610 1 |a брак 
610 1 |a история 
610 1 |a развивающиеся страны 
610 1 |a капиталистические страны 
686 |a С73  |v LBC/SL-A  |2 rubbk 
700 1 |a Осколкова  |b О. Б.  |g Ольга Борисовна 
702 1 |a Литвинова  |b Г. И.  |4 340 
712 0 2 |a Академия наук СССР (АН СССР)  |b Институт научной информации по общественным наукам (ИНИОН)  |c (Москва)  |2 stltpush  |3 (RuTPU)RU\TPU\col\11360 
801 1 |a RU  |b 63413507  |c 20150302 
801 2 |a RU  |b 63413507  |c 20161028  |g RCR 
942 |c BK